000 00927nas a2200313 4500
001 BR0504548
003 BR-BrBNA
005 20231205105605.0
007 ta
008 230509b bl.|||p| |||| 00| 00por d
040 _aBR-BrBNA
_bpor
_cBiblioteca Nacional de Agricultura
041 _a(Pt)
072 _aF06; F62
100 1 _aGomes, T.M.
100 1 _aModolo, V.A.
100 1 _aBotrel, T.A.
100 1 _aOliveira, R.F. de
245 1 _aAplicação de doses de CO2 via água de irrigação na cultura da alface
650 _aALFACE
650 _aIRRIGAÇÃO POR GOTEJAMENTO
650 _aDIÓXIDO DE CARBONO
650 _aÁGUA DE IRRIGAÇÃO
650 _aCRESCIMENTO
650 _aRENDIMENTO
650 _aSÃO PAULO
773 0 _tHorticultura Brasileira (Brazil)
_xISSN 0102-0536
_g(Apr-Jun 2005), v. 23(2) p. 316-319
_wBR0504548
909 _a202311
_bLúcia
_c55
_dLúcia Elande
942 _2AGRIS
_n0
_cANA
999 _c183685
_d183685